000 01105nam0a2200313 4500
001 RU\NLR\BIBL_A\022230360
005 20240812102954.0
010 _a978-5-04-178778-3
_98000
021 _aRU
_bКН-П-24-021810
_9КН-П-24-2265
035 _a(NLR Aleph) 022230360
090 _a13129263
_c13129263
100 _a20240522d2024 u y0rusy50 ca
101 1 _arus
_ceng
102 _aRU
105 _aa z 000ay
181 0 _ai3
_baxxe
182 0 _an
200 1 _aВсё сложно
_fТара Девитт
_gперевод с английского Марии Николенко
203 _aТекст
_bвизуальный
_cнепосредственный
210 _aМосква
_cЭксмо
_cInspiria
_d2024 (печ. 2023)
215 _a412, [1] с.
_cил.
_d22
_e[1] отд. л. приглашение
333 _a18+
686 1 _aШ6(7США)67-440.4{Лх1979-50}
700 1 _aДевитт
_bТ.
_gТара
_3RU\NLR\AUTH\770270810
942 _cBOOK
980 _aNB